El manual del corredor principiante: el programa contrastado de trece semanas para caminar y correr

Uloženo v:
Podrobná bibliografie
Hlavní autor: McNeill, Ian (autor)
Médium: Kniha
Jazyk:španělština
Vydáno: Barcelona Paidotribo 2007
Vydání:2a. ed
Edice:Colección Atletismo
Témata:
Tagy: Přidat tag
Žádné tagy, Buďte první, kdo vytvoří štítek k tomuto záznamu!

MARC

LEADER 00000nam a2200000 a 4500
001 UCG3263
003 CL-VaPUC
008 100819e20070000SP |||||||||||||||||spa|d
020 |a 9788480195317 
082 0 4 |a 796.42  |b MCN  |2 21 
100 |a McNeill, Ian  |e autor  |9 552249 
245 1 3 |a El manual del corredor principiante: el programa contrastado de trece semanas para caminar y correr 
250 |a 2a. ed 
300 |a 196 p 
942 |c BK 
945 |d 20100819 00:00:00  |a mfarfan 
260 |a Barcelona  |b Paidotribo  |c 2007 
650 7 |a DEPORTE  |2 CL-VaPUC  |9 552250 
650 0 |a Atletismo  |9 307422 
650 7 |a ENTRENAMIENTO ATLETICO  |2 CL-VaPUC  |9 552251 
650 0 |a Actividad física  |9 362156 
583 |a last modification  |c 20100819 00:00:00  |k Rodrigo Vera 
490 0 |a Colección Atletismo 
999 |c 342334  |d 342332 
952 |0 0  |1 0  |4 0  |6 796_420000000000000_MCN_2007  |7 0  |8 C  |9 438493  |a BIBCUR  |b BIBCUR  |d 2019-11-22  |i 4708059  |l 1  |o 796.42 MCN 2007  |p 4708059  |r 2025-04-22  |s 2025-01-06  |w 2019-11-22  |y BK  |k DEN